000 00301nam a22001217a 4500
008 230621b xxu||||| |||| 00| 0 eng d
082 _a328.3
_bIPU
100 _cIPU
245 _a114th IPU Assembly
_bSummary Records of the Proceedings Kenya
260 _bIPU
_c2006
300 _a243p
942 _2ddc
_cBK
999 _c2053
_d2053